000 00370nam a2200145 a 4500
005 20140412111419.0
008 070906s19uu xx 00 eng d
020 _a0-602-30054-1
050 _aTR(PS E
_bJe34 2001
100 _aPalmer, Holly
245 _aJenny in bed /
_cHoly Palmer.
260 _aUK :
_bGinn and Company,
_c2001.
300 _a12p.
999 _c105961
_d105961